| 000 | 00438nam a2200181Ia 4500 | ||
|---|---|---|---|
| 001 | 24392 | ||
| 005 | 20260414151040.0 | ||
| 008 | 260414t2019||||xx |||||||||||||| ||spa|| | ||
| 041 | _aESP | ||
| 082 |
_a345.7 _bG86 |
||
| 100 |
_aGuerra-Cerrón, María Elena _eAUT |
||
| 245 | 0 |
_aAcceso a la justicia cautelar _b |
|
| 260 | _c2019 | ||
| 300 |
_a1022 páginas : _c25 cm. |
||
| 650 | _aDER | ||
| 654 | _aCDE | ||
| 942 |
_cLIB _dJUS _fJUS _2ddc _n |
||
| 999 |
_c24392 _d24392 |
||